| 000 | 00411 a2200133 4500 | ||
|---|---|---|---|
| 001 | 87803 | ||
| 082 | _aPR 180 | ||
| 090 |
_c41264 _d41264 |
||
| 100 | _aAmmar Hussain, Plt Off 15656 71 EC | ||
| 245 | _aDesign and manufacture of solar pond for the demonstration of storage of thermal energy | ||
| 260 |
_aRisalpur _bNUST Risalpur _c2011 |
||
| 300 |
_av, 48p. _eAhmad Aizaz, Gp Capt |
||
| 500 | _aBE Project Reports | ||
| 942 |
_aCAE NUST _kPR 180 |
||
| 999 |
_c322876 _d322876 |
||